000 01314nam a22002177a 4500
999 _c59332
_d59332
003 Ge_BSU
005 20230123153752.0
008 230123s2019 ge ||||| |||| 00| 0 geo d
020 _a9789941484285
041 _ageo
080 _a663.9 ჩ-17
100 _aჩაკვეტაძე, შორენა
_916761
245 _aსხვადასხვა სახის ჩაის პროდუქტების მიღება ტრადიციული და არატრადიციული ნედლეულის გამოყენებით :
_bმონოგრაფია /
_cშორენა ჩაკვეტაძე ; რედაქტორი მაყვალა ფრუიძე.
264 _aქუთაისი :
_bაკაკი წერეთლის სახელმწ. უნივერსიტეტის გამომცემლობა,
_c2019.
300 _a256 გვ. :
_bსურ., ცხრ. ;
_c20 სმ.
504 _aბიბლიოგრაფია: გვ. 228-250.
520 _aრეზიუმე ინგლისურ ენაზე.
653 _aჩაის წარმოება
700 _aფრუიძე, მაყვალა
_eრედაქტორი
_916762
942 _2udc
_cBK